000 01557nam0a2200361 i 4500
001 RU\NLR\BIBL_A\011512180
005 20241103014012.0
010 _a9785699988686
_94000
021 _aRU
_b2017-75927
_95416
035 _a(RuMoRGB)009412787
035 _a(NLR Aleph) 011512180
090 _a12052958
_c12052958
100 _a20171102d2017 u y0rusy50 ca
101 1 _arus
_cfre
102 _aRU
105 _aa|||j|||000zy
200 1 _aПодгонка, переделка, ремонт и реставрация женской одежды
_e[более 100 профессиональных приемов и секретов мастерства]
_fТереза Жилевска
_g[пер. с фр. С. Самсонова]
210 _aМосква
_cЭ
_d2017
215 _a185 с.
_cил., цв. ил., табл.
_d27
225 1 _aПолный курс кройки и шитья
_v7
225 1 _aРукоделие. Шитье по-французски
225 1 _aВедущая французская школа кройки и шитья
333 _a12+
606 1 _aЖенская одежда
_xРемонт
_92345084
_3RU\NLR\AUTH\6601624747
606 _aЖенская одежда
_xПерелицовка
_91950323
_3RU\NLR\AUTH\66892053
686 _aМ414,0
_2rubbk
686 _aМ419,0
_2rubbk
686 1 _aМ419
700 1 _aЖилевска
_bТ.
_gТереза
942 _cBOOK
980 _aNBR